Personnage des aventures de Tintin : le chat de Moulinsart - Statistiques

Statistiques générales
  • Ce quiz a été pris 15 fois
  • Le résultat moyen est 13 sur 16
Statistiques - réponses
Questions Réponses % Correct
"Maître" du chat de Moulinsart. Le capitaine Archibald Haddock
100%
Albums des aventures de Tintin dans lesquels apparaît le chat de Moulinsart. Les Bijoux de la Castafiore
100%
Race de chats à laquelle appartient le chat de Moulinsart. Les siamois
100%
Ennemi initial du chat de Moulinsart avec qui il a fini par sympathiser. Milou
100%
Boisson que le "maître" du chat (réponse #8) est forcé de recracher d'une façon à ce point impressionnante que le chat a dû bondir d'un coup pour s'enfuir. Le whisky
90%
Personnage qui est contraint d'exécuter des figures artistiques complexes à cause des bagarres entre le précédent et le chat de Moulinsart. Nestor
90%
Albums des aventures de Tintin dans lesquels apparaît le chat de Moulinsart. L'Affaire Tournesol
80%
Pays asiatique actuel d'où est originaire cette race de chat. Hergé avait lui-même une chatte de la même race et l'avait nommée en bruxellois d'après le gentilé de ce pays. La Thaïlande
80%
Albums des aventures de Tintin dans lesquels apparaît le chat de Moulinsart. Objectif Lune
80%
Personnage qui quitte le château précipitamment avec sa famille par crainte de contagion sous les yeux du chat et de son ancien ennemi (réponse #9) que l'on voit pour la première fois réconciliés. Séraphin Lampion
80%
Albums des aventures de Tintin dans lesquels apparaît le chat de Moulinsart. Coke en stock
70%
Albums des aventures de Tintin dans lesquels apparaît le chat de Moulinsart. Les Sept Boules de cristal
70%
Profession du personnage à qui appartient la voiture dans laquelle une chaise roulante "folle" termine sa course emportant avec elle le professeur Tryphon Tournesol mais que le chat a pu éviter de toute justesse. Médecin
70%
Albums des aventures de Tintin dans lesquels apparaît le chat de Moulinsart. Tintin et les Picaros
70%
Équipement défensif protégeant le corps, historiquement porté par les combattants (casques, cuirasses). Pour échapper à son ennemi (réponse #9), le chat se réfugie sur l'une d'entre elles, se trouvant près de l'escalier du château, ce qui provoque une énièmes catastrophe. Une armure
60%
Pays fictif dont Tintin décrit la situation politique explosive qui y règne alors que le chat se trouve sur ses genoux. Le San Theodoros
50%
Aucun quiz correspondant
Distribution des résultats
% des personnes avec chaque résultat
Percentile par nombre de réponses
Votre historique - résultats
Vous n’avez pas pris ce quiz